000 01104nam a2200301 4500
001 3352
003 UkOxU
005 20211208233721.0
008 131218s1949 nyua b 000 0 eng
035 _a(OCoLC)5903304
035 _a(DLC) 49005454
040 _aDLC
_cMH
_dDLC
_beng
041 _aeng
082 _a332
_bHIL
100 1 _aHiggins, Benjamin Howard,
_d1912-
_910535
245 1 0 _aLombard Street in war and reconstruction /
_cBenjamin H. Higgins.
260 _aNew York :
_bFinancial Research Program, National Bureau of Economic Research,
_c1949.
300 _avii, 108 p. :
_bill. ;
_c23 cm.
490 1 _aOccasional paper / National Bureau of Economic Research ;
_v28
500 _a"Complements [the author's] ... earlier essay, Canada's financial system in war."
504 _aIncludes bibliographical footnotes.
650 0 _aFinance
_zGreat Britain.
_92377
650 0 _aWorld War, 1939-1945
_xFinance
_zGreat Britain.
_910536
830 0 _v28
_9163219
830 0 _aOccasional paper (National Bureau of Economic Research) ;
_9134556
942 _2ddc
_cBK
999 _c3352
_d3352